IFM Opac

Fascist movements in Austria (Record no. 13413)

MARC details
000 -LEADER
fixed length control field 00243nam a22001097a 4500
082 ## - DEWEY DECIMAL CLASSIFICATION NUMBER
Classification number 335.6436 CAR
100 ## - MAIN ENTRY--PERSONAL NAME
Personal name Carsten, F L.
245 ## - TITLE STATEMENT
Title Fascist movements in Austria
260 ## - PUBLICATION, DISTRIBUTION, ETC.
Place of publication, distribution, etc. London
Name of publisher, distributor, etc. Sage
Date of publication, distribution, etc. 1977
300 ## - PHYSICAL DESCRIPTION
Extent 356p.
Other physical details 23cm.
942 ## - ADDED ENTRY ELEMENTS (KOHA)
Koha item type Books
Holdings
Withdrawn status Lost status Source of classification or shelving scheme Damaged status Not for loan Home library Current library Shelving location Date acquired Full call number Barcode Date last seen Price effective from Koha item type
    Dewey Decimal Classification     IFM Main Campus Library IFM Main Campus Library   11/04/2015 335.6436 CAR 0000005552 11/04/2015 11/04/2015 Books